|
|
แสดงรายละเอียดบรรณานุกรม |
|
|
Brief Record
: Get Marc (ISO 2709)
: E-mail record
: |
|
|
| LEADER 00000nam 2200000uu 4500 | |||
| 001 211530 | |||
| 003 ULIBM | |||
| 008 170419s||||||||th 000 0 tha d | |||
| 020 ^a9786167902425 | |||
| 060 04 ^aQW50^bส775ก 2558 | |||
| 100 0 ^aสุทธิรัตน์ สิทธิศักดิ์ | |||
| 245 10 ^aการตรวจวินิจฉัยแบคทีเรียก่อโรคที่พบบ่อย /^cสุทธิรัตน์ สิทธิศักดิ์ | |||
| 250 ^aพิมพ์ครั้งที่ 1 | |||
| 260 ^aพิษณุโลก :^bสำนักพิมพ์มหาวิทยาลัยนเรศวร,^c2558, [2015] | |||
| 300 ^aก-ค, 109 หน้า :^bภาพประกอบสี ;^c27 ซม. | |||
| 650 2 ^aBacteria | |||
| 650 4 ^aแบคทีเรีย | |||
| 650 4 ^aวิทยาแบคทีเรีย | |||
| 650 4 ^aแบคทีเรีย^xการก่อโรค | |||
| 856 ^zแบคทีเรียก่อโรคที่พบบ่อย.pdf (สารบัญหนังสือ)^uhttp://110.164.94.213/ULIB62015//_fulltext/5/211530/20170517112603_3147.pdf | |||
| 999 ^aใช้งานได้ทุกระบบ | |||
| คุณยังไม่ได้ล็อกอิน คุณสามารถมีกิจกรรมร่วมกับเว็บไซต์ได้ แต่ต้องล็อกอินก่อน :: |
|
| สถานะ | |||||||||
| 1. | วิทยาศาสตร์สุขภาพ | QW50 ส775ก 2558 ฉ.1 | On Shelf ขอยืม | ||||||
| Note:จัดซื้อปีงบ 60 | |||||||||
| 2. | วิทยาศาสตร์สุขภาพ | QW50 ส775ก 2558 ฉ.2 | On Shelf ขอยืม | ||||||
| Note:จัดซื้อปีงบ 60 | |||||||||
| 3. | วิทยาศาสตร์สุขภาพ | QW50 ส775ก 2558 ฉ.3 | On Shelf ขอยืม | ||||||
| Note:จัดซื้อปีงบ 60 | |||||||||
| 4. | วิทยาศาสตร์สุขภาพ | QW50 ส775ก 2558 ฉ.4 | On Shelf ขอยืม | ||||||
| Note:จัดซื้อปีงบ 60 | |||||||||
| 5. | วิทยาศาสตร์สุขภาพ | QW50 ส775ก 2558 ฉ.5 | On Shelf ขอยืม | ||||||
| Note:จัดซื้อปีงบ 60 | |||||||||
| [แสดง 5/5 รายการ] | |||||||||
| รายการใกล้เคียง หัวเรื่อง [Bacteria]
|
BibComment |
| คอมเมนท์ทรัพยากรรายการนี้ |
|
|